Ligue 1 Teams (2021-2022) - Statistics

General Stats
  • This quiz has been taken 797 times
  • The average score is 16 of 20
Answer Stats
Answer % Correct
15 Paris
100%
9 Marseille
98%
8 Lyon
96%
6 Lille
93%
11 Monaco
90%
2 Bordeaux
87%
14 Nice
85%
17 Rennes
85%
13 Nantes
84%
18 Saint-Etienne
84%
19 Strasbourg
79%
12 Montpellier
77%
5 Lens
76%
16 Reims
73%
1 Angers
69%
3 Brest
68%
10 Metz
67%
7 Lorient
66%
4 Clermont foot 63
62%
20 Troyes
58%
No matching quizzes found
Score Distribution
Percent of People with Each Score
Percentile by Number Answered
Your Score History
You have not taken this quiz